000 00689nam a2200205Ia 4500
008 150520s9999 xx 000 0 und d
050 _aHF 5415.335
050 _b.D693 2015
100 _aDorado, Jan Adriel J.
245 _aFactors that contribute to customer satisfaction of ero's mami gotohan in BF homes Las Piñas as a basis for the development of marketing recommendation /
245 _cJan Adriel J. Dorado.
260 _aLas Piñas, Philippines :
260 _bSISC,
260 _c2015.
300 _a32 pages :
300 _billustrations ;
300 _c28 cm.
500 _aIncludes bibliographical references and appendices.
650 _aConsumer satisfaction.
999 _c284081
_d284081